MARC details
| 000 -LEADER |
| campo de control de longitud fija |
03913cam a22007454a 4500 |
| 001 - NÚMERO DE CONTROL |
| campo de control |
52201 |
| 005 - FECHA Y HORA DE LA ÚLTIMA TRANSACCIÓN |
| campo de control |
20230410121037.0 |
| 008 - DATOS DE LONGITUD FIJA--INFORMACIÓN GENERAL |
| campo de control de longitud fija |
060127s2006 dcu b 001 0 eng |
| 010 ## - NÚMERO DE CONTROL DE LA BIBLIOTECA DEL CONGRESO |
| Número de control de LC |
2006003009 |
| 035 ## - NÚMERO DE CONTROL DEL SISTEMA |
| Número de control de sistema |
(OCoLC)ocm63390556 |
| 040 ## - FUENTE DE CATALOGACIÓN |
| Centro catalogador/agencia de origen |
DLC |
| Centro/agencia transcriptor |
DLC |
| Centro/agencia modificador |
BAKER |
| -- |
C#P |
| -- |
UKM |
| -- |
YDXCP |
| -- |
VYF |
| -- |
OCLCQ |
| -- |
IXA |
| -- |
COO |
| -- |
IG# |
| -- |
BTCTA |
| -- |
CS1 |
| -- |
LVB |
| -- |
NLGGC |
| 015 ## - NÚMERO DE BIBLIOGRAFÍA NACIONAL |
| Número de bibliografía nacional |
GBA675417 |
| Fuente |
bnb |
| 016 7# - NÚMERO DE CONTROL DE UNA AGENCIA BIBLIOGRÁFICA NACIONAL |
| Número de control del registro |
013542544 |
| Fuente |
Uk |
| 020 ## - NÚMERO INTERNACIONAL ESTÁNDAR DEL LIBRO |
| Número Internacional Estándar del Libro |
1589011090 (hardcover : alk. paper) |
| 020 ## - NÚMERO INTERNACIONAL ESTÁNDAR DEL LIBRO |
| Número Internacional Estándar del Libro |
9781589011090 (hardcover : alk. paper) |
| 020 ## - NÚMERO INTERNACIONAL ESTÁNDAR DEL LIBRO |
| Número Internacional Estándar del Libro |
1589011082 (pbk. : alk. paper) |
| 020 ## - NÚMERO INTERNACIONAL ESTÁNDAR DEL LIBRO |
| Número Internacional Estándar del Libro |
9781589011083 (pbk. : alk. paper) |
| 029 1# - OTRO NÚMERO DE CONTROL DE SISTEMA (OCLC) |
| Identificador de la biblioteca OCLC |
YDXCP |
| Número de control de sistema |
2421898 |
| 029 1# - OTRO NÚMERO DE CONTROL DE SISTEMA (OCLC) |
| Identificador de la biblioteca OCLC |
YDXCP |
| Número de control de sistema |
2421900 |
| 029 1# - OTRO NÚMERO DE CONTROL DE SISTEMA (OCLC) |
| Identificador de la biblioteca OCLC |
IG# |
| Número de control de sistema |
1589011082 |
| 029 1# - OTRO NÚMERO DE CONTROL DE SISTEMA (OCLC) |
| Identificador de la biblioteca OCLC |
IG# |
| Número de control de sistema |
1589011090 |
| 029 1# - OTRO NÚMERO DE CONTROL DE SISTEMA (OCLC) |
| Identificador de la biblioteca OCLC |
NLGGC |
| Número de control de sistema |
29189772X |
| 029 1# - OTRO NÚMERO DE CONTROL DE SISTEMA (OCLC) |
| Identificador de la biblioteca OCLC |
NZ1 |
| Número de control de sistema |
10673108 |
| 035 ## - NÚMERO DE CONTROL DEL SISTEMA |
| Número de control de sistema |
(OCoLC)63390556 |
| 042 ## - CÓDIGO DE AUTENTICACIÓN |
| Código de autenticación |
pcc |
| 043 ## - CÓDIGO DE ÁREA GEOGRÁFICA |
| Código de área geográfica |
n-us--- |
| 050 14 - SIGNATURA TOPOGRÁFICA DE LA BIBLIOTECA DEL CONGRESO |
| Número de clasificación |
JK526 2004 |
| Número de ítem |
V35 2006 |
| 082 00 - NÚMERO DE LA CLASIFICACIÓN DECIMAL DEWEY |
| Número de clasificación |
324.973/0931 |
| Número de edición |
22 |
| 084 ## - OTRO NÚMERO DE CLASIFICACIÓN |
| Número de clasificación |
89.57 |
| Fuente del número |
bcl |
| 084 ## - OTRO NÚMERO DE CLASIFICACIÓN |
| Número de clasificación |
15.85 |
| Fuente del número |
bcl |
| 245 04 - MENCIÓN DEL TÍTULO |
| Título |
The values campaign? : |
| Resto del título |
the Christian right and the 2004 elections / |
| Mención de responsabilidad, etc. |
editors, John C. Green, Mark J. Rozell, Clyde Wilcox. |
| 260 ## - PUBLICACIÓN, DISTRIBUCIÓN, ETC. |
| Lugar de publicación, distribución, etc. |
Washington, D.C. : |
| Nombre del editor, distribuidor, etc. |
Georgetown University Press, |
| Fecha de publicación, distribución, etc. |
c2006. |
| 300 ## - DESCRIPCIÓN FÍSICA |
| Extensión |
viii, 273 p. ; |
| Dimensiones |
23 cm. |
| 490 1# - MENCIÓN DE SERIE |
| Mención de serie |
Religion and politics series |
| 504 ## - NOTA DE BIBLIOGRAFÍA, ETC. |
| Nota de bibliografía, etc. |
Includes bibliographical references and index. |
| 505 00 - NOTA DE CONTENIDO CON FORMATO |
| Título |
The march goes on : the Christian Right and the 2004 values campaign / |
| Mención de responsabilidad |
John C. Green, Mark J. Rozell, and Clyde Wilcox -- |
| Título |
The "values vote"? : moral issues and the 2004 elections / |
| Mención de responsabilidad |
Mark J. Rozell and Debasree Das Gupta -- |
| Título |
Agents of value : Christian Right activists in 2004 / |
| Mención de responsabilidad |
John C. Green, Kimberly H. Conger, and James L. Guth -- |
| Título |
Saving marriage by banning marriage : the Christian Right finds a new issue in 2004 / |
| Mención de responsabilidad |
Clyde Wilcox, Linda M. Merolla, and David Beer -- |
| Título |
Ohio : the Bible and the Buckeye State / |
| Mención de responsabilidad |
John C. Green -- |
| Título |
Michigan : a war on the home front? / |
| Mención de responsabilidad |
James M. Penning and Corwin E. Smidt -- |
| Título |
Iowa : in the heart of Bush Country / |
| Mención de responsabilidad |
Kimberly H. Conger and Donald Racheter -- |
| Título |
Minnesota : battleground politics in a new setting / |
| Mención de responsabilidad |
Christopher P. Gilbert -- |
| Título |
Florida : so close and yet so far / |
| Mención de responsabilidad |
Kenneth D. Wald ... [et al.] -- |
| Título |
Colorado : an uphill climb / |
| Mención de responsabilidad |
Carin Larson -- |
| Título |
Oklahoma : a battle of good versus evil / |
| Mención de responsabilidad |
Shad B. Satterhwaite -- |
| Título |
California mâenage áa trois : the Christian Right, the Republican Party, and Arnold Schwarzenegger / |
| Mención de responsabilidad |
J. Christopher Soper and Joel S. Fetzer -- |
| Título |
South Carolina : integration and success? / |
| Mención de responsabilidad |
James L. Guth. |
| 650 #0 - PUNTO DE ACCESO ADICIONAL DE MATERIA--TÉRMINO DE MATERIA |
| Término de materia o nombre geográfico como elemento de entrada |
Presidents |
| Subdivisión geográfica |
United States |
| Subdivisión general |
Election |
| Subdivisión cronológica |
2004. |
| 650 #0 - PUNTO DE ACCESO ADICIONAL DE MATERIA--TÉRMINO DE MATERIA |
| Término de materia o nombre geográfico como elemento de entrada |
Elections |
| Subdivisión geográfica |
United States. |
| 650 #0 - PUNTO DE ACCESO ADICIONAL DE MATERIA--TÉRMINO DE MATERIA |
| Término de materia o nombre geográfico como elemento de entrada |
Religious right |
| Subdivisión geográfica |
United States. |
| 650 #0 - PUNTO DE ACCESO ADICIONAL DE MATERIA--TÉRMINO DE MATERIA |
| Término de materia o nombre geográfico como elemento de entrada |
Christian conservatism |
| Subdivisión geográfica |
United States. |
| 651 #0 - PUNTO DE ACCESO ADICIONAL DE MATERIA--NOMBRE GEOGRÁFICO |
| Nombre geográfico |
United States |
| Subdivisión general |
Politics and government |
| Subdivisión cronológica |
2001- |
| 650 #6 - PUNTO DE ACCESO ADICIONAL DE MATERIA--TÉRMINO DE MATERIA |
| Término de materia o nombre geográfico como elemento de entrada |
Prâesidents |
| Subdivisión geográfica |
âEtats-Unis |
| Subdivisión general |
âElections |
| Subdivisión cronológica |
2004. |
| 650 #6 - PUNTO DE ACCESO ADICIONAL DE MATERIA--TÉRMINO DE MATERIA |
| Término de materia o nombre geográfico como elemento de entrada |
âElections |
| Subdivisión geográfica |
âEtats-Unis. |
| 650 #6 - PUNTO DE ACCESO ADICIONAL DE MATERIA--TÉRMINO DE MATERIA |
| Término de materia o nombre geográfico como elemento de entrada |
Droite religieuse |
| Subdivisión geográfica |
âEtats-Unis. |
| 650 #6 - PUNTO DE ACCESO ADICIONAL DE MATERIA--TÉRMINO DE MATERIA |
| Término de materia o nombre geográfico como elemento de entrada |
Conservatisme chrâetien |
| Subdivisión geográfica |
âEtats-Unis. |
| 651 #6 - PUNTO DE ACCESO ADICIONAL DE MATERIA--NOMBRE GEOGRÁFICO |
| Nombre geográfico |
âEtats-Unis |
| Subdivisión general |
Politique et gouvernement |
| Subdivisión cronológica |
2001- |
| 650 17 - PUNTO DE ACCESO ADICIONAL DE MATERIA--TÉRMINO DE MATERIA |
| Término de materia o nombre geográfico como elemento de entrada |
Christenen. |
| Fuente del encabezamiento o término |
gtt |
| 650 17 - PUNTO DE ACCESO ADICIONAL DE MATERIA--TÉRMINO DE MATERIA |
| Término de materia o nombre geográfico como elemento de entrada |
Rechts (politiek) |
| Fuente del encabezamiento o término |
gtt |
| 650 17 - PUNTO DE ACCESO ADICIONAL DE MATERIA--TÉRMINO DE MATERIA |
| Término de materia o nombre geográfico como elemento de entrada |
Verkiezingen. |
| Fuente del encabezamiento o término |
gtt |
| 650 17 - PUNTO DE ACCESO ADICIONAL DE MATERIA--TÉRMINO DE MATERIA |
| Término de materia o nombre geográfico como elemento de entrada |
Verkiezingscampagnes. |
| Fuente del encabezamiento o término |
gtt |
| 650 17 - PUNTO DE ACCESO ADICIONAL DE MATERIA--TÉRMINO DE MATERIA |
| Término de materia o nombre geográfico como elemento de entrada |
Waarden. |
| Fuente del encabezamiento o término |
gtt |
| 651 #7 - PUNTO DE ACCESO ADICIONAL DE MATERIA--NOMBRE GEOGRÁFICO |
| Nombre geográfico |
Verenigde Staten. |
| Fuente del encabezamiento o término |
gtt |
| 700 1# - ENTRADA AGREGADA--NOMBRE PERSONAL |
| Nombre de persona |
Green, John Clifford, |
| Fechas asociadas al nombre |
1953- |
| 700 1# - ENTRADA AGREGADA--NOMBRE PERSONAL |
| Nombre de persona |
Rozell, Mark J. |
| 700 1# - ENTRADA AGREGADA--NOMBRE PERSONAL |
| Nombre de persona |
Wilcox, Clyde, |
| Fechas asociadas al nombre |
1953- |
| 830 #0 - PUNTO DE ACCESO ADICIONAL DE SERIE-TÍTULO UNIFORME |
| Título uniforme |
Religion and politics series (Georgetown University) |
| 856 41 - LOCALIZACIÓN Y ACCESO ELECTRÓNICOS |
| Materiales especificados |
Table of contents |
| Identificador Uniforme de Recursos |
<a href="http://www.loc.gov/catdir/toc/ecip067/2006003009.html">http://www.loc.gov/catdir/toc/ecip067/2006003009.html</a> |
| 938 ## - |
| -- |
Baker & Taylor |
| -- |
BKTY |
| -- |
26.95 |
| -- |
20.21 |
| -- |
1589011082 |
| -- |
0006726724 |
| -- |
active |
| 938 ## - |
| -- |
Baker & Taylor |
| -- |
BKTY |
| -- |
44.95 |
| -- |
44.95 |
| -- |
1589011090 |
| -- |
0006726723 |
| -- |
active |
| 938 ## - |
| -- |
Ingram |
| -- |
INGR |
| -- |
1589011090 |
| 938 ## - |
| -- |
Baker and Taylor |
| -- |
BTCP |
| -- |
2006003009 |
| 938 ## - |
| -- |
YBP Library Services |
| -- |
YANK |
| -- |
2421898 |
| 942 ## - ELEMENTOS DE ENTRADA SECUNDARIOS (KOHA) |
| Fuente del sistema de clasificación o colocación |
Clasificación de Library of Congress |
| Tipo de ítem Koha |
|
| 994 ## - |
| -- |
C0 |
| -- |
DRFGD |